000
00203nam a22000857a 4500
003
SGT
245
_a
International Journal of Oral & Maxillofacial Surgery
260
_b
Elsevier
_c
2013-2018
942
_2
ddc
_c
BV
999
_c
29883
_d
29883